| 000 | 01002nam a2200301Ia 4500 | ||
|---|---|---|---|
| 999 |
_c53655 _d53655 |
||
| 001 | 20702 | ||
| 003 | GE_BSU | ||
| 005 | 20221114120558.0 | ||
| 008 | 181216s2012||||xx |||||||||||||| ||eng|| | ||
| 020 | _a9783527324125x | ||
| 040 | _cGE_BSU | ||
| 041 | _aeng | ||
| 080 | _a616-097(075.8) M-12 | ||
| 100 |
_aMacPherson, Gordon _910355 |
||
| 245 |
_aExploring Immunology : _bConcepts and Evidence / _cGordon MacPherson, Jon Austyn ; illustr. Ruth Hammelehle. |
||
| 264 |
_aOxford : _bWiley-Blackwell, _c2012. |
||
| 300 |
_a351 p. ; _c 28 cm. |
||
| 541 | _h131 Gel. | ||
| 653 | _aExploring Immunology | ||
| 653 | _aConcepts and Evidence | ||
| 653 | _aИзучение иммунологии | ||
| 653 | _a концепции и доказательства | ||
| 653 | _aიმუნოლოგია | ||
| 653 | _aცნებები და მტკიცებულებები | ||
| 653 | _aმედიცინა | ||
| 700 |
_a Austyn, Jon _eBy _910356 |
||
| 942 |
_cBK _2udc |
||